| 000 | 00350nam a2200133Ia 4500 | ||
|---|---|---|---|
| 005 | 20251222140103.0 | ||
| 008 | 251222s1900||||xx |||||||||||||| ||spa|| | ||
| 082 | _a282/B88/T.II | ||
| 100 | _aBuenaventura de Bagnoregio (San) | ||
| 245 | 0 | _aObras de San Buenaventura | |
| 250 | _a3ra. ed. | ||
| 264 | _bBiblioteca de Autores Cristianos | ||
| 942 | _cLIB | ||
| 999 |
_c4021 _d4021 |
||